zpět

Detail výsledku týmu

Restaurace Mamut, Most

Datum a čas kvízu

36 Celkem bodů Celkový počet nahraných bodů na tomto kvízu bez doplňovacích otázek.
1. Pořadí na kvízu Konečné umístění týmu na tomto kvízu.

Zaznamenané odpovědi

# Otázka Odpověď Body Výsledky
1. O konfliktu prezidenta Pavla s... D 1
2. Která velká evropská země schv... Francie 1
3. TV Prima minulý týden představ... Asia Express 0
4. Který známý šéfkuchař oznámil... Emanuele Ridi 0
5. Mistry republiky 2026 se o vík... A 1
6. Na obrázku níže můžete vidět d... Drákula a Frankenstein 1
7. Co by to bylo za hororové téma... C 0
8. Ze které (převážně videoherní)... Silent Hill 0
9. Přiřaďte herce a herečky k jej... 1C 2A 3D 4B 0
10. Čím je inspirován česko-americ... D 0